Šifrovanie prostredníctvom pravidlového systému bakalárska práca

Uložené v:
Podrobná bibliografia
Hlavný autor: Kilik, Jozef
Korporativný autor: Fakulta hospodárskej informatiky EU. Katedra aplikovanej informatiky
Ďalší autori: Rakovská, Eva, 1963-
Médium: Kniha
Jazyk:Slovak
Vydavateľské údaje: Bratislava 2018
Tagy: Pridať tag
Žiadne tagy, Buďte prvý, kto otaguje tento záznam!

MARC

LEADER 00000nbm a2200000 4500
001 0245341
005 20181015110319.6
041 0 |a slo 
044 |a SK 
245 1 0 |a Šifrovanie prostredníctvom pravidlového systému  |b bakalárska práca  |c Jozef Kilik ; školiteľ: Eva Rakovská 
264 1 |a Bratislava  |c 2018 
300 |a 47 s. 
100 1 |a Kilik, Jozef 
700 1 |a Rakovská, Eva, 1963- 
710 2 |a Fakulta hospodárskej informatiky EU. Katedra aplikovanej informatiky